[Event "POL-ch disabled"]
[Site "Chotowa"]
[Date "2007.05.30"]
[Round "7.21"]
[White "Cyboran, Katarzyna"]
[Black "Kowalski, Janusz"]
[Result "0-1"]
[WhiteElo "1770"]
[BlackElo "851"]
[PlyCount "75"]
[EventDate "2007.05.26"]
[EventType "swiss"]
[EventRounds "9"]
[EventCountry "POL"]
[SourceTitle "EXT 2023"]
[Source "ChessBase"]
[SourceDate "2022.10.05"]
[SourceVersion "1"]
[SourceVersionDate "2022.10.05"]
[SourceQuality "1"]

1. e4 e6 2. d4 d5 3. e5 c5 4. c3 Qb6 5. Nf3 Nc6 6. Be2 cxd4 7. cxd4 Bb4+ 8. Kf1 Be7 9. Nc3 a6 10. h3 Bd7 11. Rb1 Rc8 12. Bf4 h6 13. h4 Qa7 14. Qd2 b5 15. a3 Bd8 16. b4 Nge7 17. g4 Ng6 18. Be3 Bb6 19. Kg2 Bd8 20. h5 Nf8 21. g5 hxg5 22. Rbd1 Nh7 23. Bd3 g4 24. Nh2 f5 25. exf6 Nxf6 26. Bg6+ Kf8 27. h6 Be8 28. Bxe8 Kxe8 29. hxg7 Qxg7 30. Bg5 Kd7 31. Bxf6 Bxf6 32. Ne2 Rcg8 33. Qf4 Qg6 34. Rhg1 Rh4 35. Kh1 Bg5 36. Qg3 Qe4+ 37. f3 Qxe2 38. f4 0-1